000 00743nam a2200265 i 4500
001 C2-0327802
003 PPAK
005 20180728125345.0
008 140713s2011 my |||| ||||| | eng d
020 _a9789670106069
040 _aPPAK
_beng
_cPPAK
_erda
082 0 4 _a823
_223
090 0 0 _a823
_bFAR
_dK
100 0 _aFarvis,
_eauthor
245 1 4 _aThe forlorn jungle
264 1 _aKuala Terangganu, Terengganu :
_bSamudera Didik ,
_c2011
300 _a85 pages ;
_c18 cm
336 _2rdacontent
_atext
337 _2rdamedia
_aunmediated
338 _2rdacarrier
_avolume
490 1 _aTales from time tunnel
650 1 0 _aChildren's stories, English. ; English fiction.
830 0 _aTales from time tunnel
942 _ddc
_cB
999 _c127336
_d127336